03744nam a2200289 a 4500003000400000005001700004007001500021008004100036040000800077100004100085245037700126264004300503300006000546336002700606337002900633338003900662502003900701504005900740520228900799650004403088700005403132700004403186700004303230700004603273700004603319856008903365OSt20250827135038.0cr ||||||a|a|a250819s2025 mx a|||fom||| 001 0 spa d erda1 aCaltempa Sánchez, Oscar de Jesús10aSensibilidad de Brassica rapa L. procedente de Hidalgo y Tlaxcala a herbicidas Auxinicos, inihibidores de ALS y EPSPS /cpor Oscar de Jesús Caltempa Sánchez; director de tesis José Alfredo Domínguez Valenzuela; secretario Candelario Palma Bautista; vocal Juan Lorenzo Medina Pitalúa; suplente Candelario Santillán Ortega; suplente Guillermo Mondragón Pedrero 1aChapingo, México :bEl autor,c2025. a1 recurso en línea (83 páginas):bcuadros, figuras. 2rdacontentatextobtxt 2rdamediaacomputadorabc 2rdacarrierarecurso en líneabcr bIAEPAcParasitologíad2025.gLIC aIncluye referencias bibliográficas: páginas 52-61. aEn los Valles Altos de México Brassica rapa es un problema en cultivos de maíz, trigo y cebada, ya que los principales herbicidas que se utilizan para su control presentan deficiencia y a que faltan de alternativas en los esquemas de manejo que se implementan. En este trabajo se buscó determinar la resistencia a diversos herbicidas en 21 poblaciones de Brassica rapa colectadas en los estados de Hidalgo y Tlaxcala, así como el nivel de resistencia en las poblaciones seleccionadas (7, 8, 12 y 21). Se aplicaron herbicidas utilizados en cereales como inhibidores de ALS (prosulfuron y Sigma Forte (mesosulfuron metilo sodio + iodosulfuron metilo)), imitadores de auxinas (2,4-D, fluroxipir) e inhibidores de EPSPS (glifosato) a dosis de campo, para confirmar resistencia. Para Sigma Forte y prosulfuron las poblaciones controladas fueron la 1, 4, 5, 9 y 20. Todas las poblaciones sobrevivieron a fluroxipir, mientras que las poblaciones 7, 8, 11, 12, 14, 17, 20 y 21 sobrevivieron a 2,4-D. Se determinaron las curvas de dosis respuesta para estimar los niveles de resistencia, seleccionando las poblaciones con resistencia a todos los herbicidas (poblaciones 7, 8, 12 y 21), se utilizó como sensible la población 4 y Brassica napus. Los bioensayos se realizaron con plantas de 2 a 4 hojas verdaderas aplicando dosis crecientes de prosulfuron, Sigma Forte, 2,4-D, fluroxipir y dicamba. Las mediciones de peso fresco se realizaron 28 días después de la aplicación para determinar la dosis que reduce el peso fresco al 50% (ED50) y la dosis letal media que mata al 50 % de la población (DL50). EL parámetro ED50 de las poblaciones seleccionadas osciló entre 5.9 - 170.3 g i. a. ha-1 para prosulfuron; 323.0 - 22846 ml pc ha-1 para Sigma Forte; 126.5 - 844.0 g i. a. ha-1 para 2,4-D; 121.7 - 351.1 g i. a. ha-1 para dicamba y 94.9 - 273.6 g i. a. ha-1 para fluroxipir. El valor de DL50 osciló de 5.4 - 463.8 para prosulfuron; 420.2 - 35456.2 para Sigma Forte; 142.1-988.7 para 2,4-D, 116.2-871.1 para dicamba y 182.3 - 570.4 para fluroxipir. Se confirma que en las poblaciones de B. rapa 7, 8, 12 y 21, tanto de colectas realizadas en Hidalgo como en Tlaxcala, presentan resistencia cruzada y múltiple a herbicidas inhibidores de ALS e imitadores de auxinas. 4aBrassica rapaxResistencia a herbicidas1 aDomínguez Valenzuela, José Alfredoedirector.1 aPalma Bautista, Candelarioesecretario.1 aMedina Pitalúa, Juan Lorenzoevocal.1 aSantillán Ortega, Candelarioesuplente.1 aMondragón Pedrero, Guillermoesuplente. zDESCARGAR PDFuhttp://10.13.5.2/tesis/tl/1910272-7_CALTEMPA_SANCHEZ_OSCARDEJESUS.pdf